000 00691nab#a2200229#c#4500
999 _c19221
_d19221
003 IEF
005 20191211105600.0
008 950704s1975 uuu|| #####0 b| |u
040 _aIEF
_cES-MaIEF
100 1 _aMoral Medina, Francisco Javier
_930191
245 _aReformas tributarias en América Latina
_cJavier Moral Medina y Jorge Juan Pereira Rodríguez
260 _c1975
500 _aBibliografía,conclusiones
650 4 _aREFORMA
_910750
650 4 _aIMPUESTOS
_947460
650 4 _aAMERICA LATINA
_925729
700 _934886
_aPereira Rodríguez, Jorge Juan
773 0 _tHacienda pública española
_w34570
_g39, p. 87-139
942 _2udc
942 _2udc